[Event "Risarald op"]
[Site "Risarald"]
[Date "2015.06.15"]
[Round "7"]
[White "Munoz Duque, Juan Carlos"]
[Black "Cuervo, Andres Felipe"]
[Result "0-1"]
[WhiteElo "1709"]
[BlackElo "1879"]
[PlyCount "72"]
[EventDate "2015.06.12"]
[EventType "swiss"]
[EventRounds "7"]
[EventCountry "COL"]
[SourceTitle "CBM 167 Extra"]
[Source "ChessBase"]
[SourceDate "2015.09.14"]
[SourceVersion "1"]
[SourceVersionDate "2015.09.14"]
[SourceQuality "1"]

1. d4 e6 2. c4 d5 3. Nc3 Nf6 4. Nf3 Be7 5. e3 0-0 6. Bd3 dxc4 7. Bxc4 Re8 8. 0-0 b6 9. e4 Bb7 10. e5 Nd5 11. Re1 Nd7 12. Nxd5 exd5 13. Bd3 Nf8 14. a3 c5 15. Be3 Rc8 16. Rc1 Ne6 17. Bf5 g6 18. Bh3 Rc7 19. Bxe6 fxe6 20. Qc2 Rf8 21. b4 c4 22. Qd2 Rf5 23. h3 Bc6 24. Nh2 Bf8 25. Bh6 Rcf7 26. f3 Qh4 27. Bxf8 Rxf8 28. Ng4 Kg7 29. Kh2 Rh5 30. Qf2 Qxf2 31. Nxf2 Rhf5 32. Ng4 Ba4 33. Nf6 Rf4 34. Rcd1 Bxd1 35. Rxd1 R4xf6 36. exf6+ Kxf6 0-1

[Event "Risarald op"]
[Site "Risarald"]
[Date "2015.06.14"]
[Round "4"]
[White "Paniagua, Fabio de Jesus"]
[Black "Munoz Duque, Juan Carlos"]
[Result "0-1"]
[WhiteElo "1837"]
[BlackElo "1709"]
[PlyCount "72"]
[EventDate "2015.06.12"]
[EventType "swiss"]
[EventRounds "7"]
[EventCountry "COL"]
[SourceTitle "CBM 167 Extra"]
[Source "ChessBase"]
[SourceDate "2015.09.14"]
[SourceVersion "1"]
[SourceVersionDate "2015.09.14"]
[SourceQuality "1"]

1. Nf3 c5 2. c4 g6 3. g3 Bg7 4. Bg2 Nc6 5. 0-0 Nf6 6. d4 cxd4 7. Nxd4 0-0 8. Nc3 a6 9. Nb3 d6 10. e4 Be6 11. Nd5 Ne5 12. Qe2 Rc8 13. Nd2 Nfd7 14. Rb1 f5 15. b3 Nc5 16. Ba3 a5 17. h3 fxe4 18. Bxc5 Rxc5 19. Nxe4 Rc8 20. Rbd1 h6 21. c5 Bxd5 22. Rxd5 Nf7 23. Rfd1 e6 24. R5d2 d5 25. Qg4 Qe7 26. Nd6 Rxc5 27. Nxf7 Qxf7 28. f4 Qf5 29. Qe2 Rc3 30. Kh2 g5 31. fxg5 hxg5 32. Re1 Rf6 33. g4 Qf4+ 34. Kh1 Rh6 35. Rd3 Rxd3 36. Qxd3 Be5 0-1

[Event "Dosquebrad op"]
[Site "Dosquebrad"]
[Date "2013.06.21"]
[Round "5"]
[White "Serna, Luis Orlando"]
[Black "Munoz Duque, Juan Carlos"]
[Result "0-1"]
[WhiteElo "1655"]
[BlackElo "1600"]
[PlyCount "46"]
[EventDate "2013.06.19"]
[EventType "swiss"]
[EventRounds "7"]
[EventCountry "COL"]
[SourceTitle "CBM 155 Extra"]
[Source "ChessBase"]
[SourceDate "2013.08.26"]
[SourceVersion "1"]
[SourceVersionDate "2013.08.26"]
[SourceQuality "1"]

1. e4 c5 2. Nf3 g6 3. d4 cxd4 4. Nxd4 Bg7 5. Be3 Nc6 6. c3 Nf6 7. Nxc6 bxc6 8. Bd3 0-0 9. h3 d5 10. Nd2 e5 11. Bg5 Qb6 12. Bxf6 Bxf6 13. Nb3 a5 14. Qc2 Be6 15. 0-0 Rab8 16. Rfb1 Bg7 17. Nd2 f5 18. exd5 cxd5 19. Nf3 e4 20. Nd4 exd3 21. Qxd3 Bxd4 22. cxd4 f4 23. f3 Bf5 0-1